000 00402nam a22001577a 4500
999 _c8909
_d8909
008 200714b ||||| |||| 00| 0 eng d
020 _a9788189747138
082 _a615.19CHP
100 _aChidambaram , Alen
245 _aPharmaceutical Chemistry-2
250 _a2019
260 _aNew Delhi
_bBirla Publications
300 _aPg-200
650 _aPharmaceutical Organic Chemisty
942 _2ddc
_cBK